Every Formula 2 Race Winner - Statistics

General Stats
  • This quiz has been taken 53 times
    9 since last reset
  • The average score is 38 of 62
Answer Stats
Wins Country Driver % Correct
5 Japan Ayumu Iwasa
100%
7 Monaco Charles Leclerc
100%
1 Sweden Dino Beganovic
100%
8 Brazil Felipe Drugovich
100%
2 Brazil Gabriel Bortoleto
100%
4 France Isack Hadjar
100%
1 United Kingdom Luke Browning
100%
6 Canada Nicholas Latifi
100%
8 Netherlands Nyck de Vries
100%
6 Australia Oscar Piastri
100%
1 Estonia Paul Aron
100%
4 Spain Pepe Martí
100%
3 France Victor Martins
100%
4 Thailand Alexander Albon
83%
2 Ireland Alex Dunne
83%
2 Italy Andrea Kimi Antonelli
83%
1 Argentina Franco Colapinto
83%
7 United Kingdom George Russell
83%
6 Australia Jack Doohan
83%
6 United States Jak Crawford
83%
5 Paraguay Joshua Dürksen
83%
2 India Kush Maini
83%
1 United Kingdom Lando Norris
83%
4 Italy Leonardo Fornaroli
83%
8 Netherlands Richard Verschoor
83%
3 Brazil Sérgio Sette Câmara
83%
6 France Théo Pourchaire
83%
3 Japan Yuki Tsunoda
83%
3 United Kingdom Arvid Lindblad
67%
7 Denmark Frederik Vesti
67%
5 China Guanyu Zhou
67%
4 India Jehan Daruvala
67%
5 New Zealand Liam Lawson
67%
2 United States Logan Sargeant
67%
3 Germany Mick Schumacher
67%
7 United Kingdom Oliver Bearman
67%
2 Denmark Christian Lundgaard
50%
5 Norway Dennis Hauger
50%
4 New Zealand Marcus Armstrong
50%
2 Russia Nikita Mazepin
50%
6 Russia Robert Shwartzman
50%
8 Russia Artem Markelov
33%
3 United Kingdom Callum Ilott
33%
2 Brazil Enzo Fittipaldi
33%
3 Estonia Jüri Vips
33%
1 United Kingdom Taylor Barnard
33%
2 United Kingdom Zak O'Sullivan
33%
2 Barbados Zane Maloney
33%
2 France Anthoine Hubert
17%
3 Italy Antonio Fuoco
17%
1 France Clément Novalak
17%
3 United Kingdom Dan Ticktum
17%
4 United Kingdom Jack Aitken
17%
6 Italy Luca Ghiotto
17%
1 Germany Maximilian Günther
17%
5 Japan Nobuharu Matsushita
17%
1 France Norman Nato
17%
2 United Kingdom Oliver Rowland
17%
1 Switzerland Ralph Boschung
17%
2 Czech Republic Roman Staněk
17%
1 Japan Tadasuke Makino
17%
1 Bulgaria Nikola Tsolov
0%
No matching quizzes found
Score Distribution
Percent of People with Each Score
Percentile by Number Answered
Your Score History
You have not taken this quiz since the last reset